| 000 | 02261nam a2200565 i 4500 | ||
|---|---|---|---|
| 001 | 25844 | ||
| 003 | KOSZ 005 | ||
| 005 | 20230118144824.0 | ||
| 008 | 200728s1973 pl a f f 000 0 pol | ||
| 015 | _aUWD 1973/10906 | ||
| 035 | _a991034837299705066 | ||
| 035 | _a(PL-WaBN)b19373776-48omnis_nlop | ||
| 035 | _ab19373776 | ||
| 035 | _a(OCoLC)838932828 | ||
| 035 | _a(PL)b0000001937377 | ||
| 035 | _a(EXLNZ-48OMNIS_NETWORK)9910325250505606 | ||
| 040 |
_aWA N _cWA N _dKOSZ 005/RW |
||
| 046 | _k1965 | ||
| 080 | _a621.3 | ||
| 080 | _a(075.8) | ||
| 080 | _a(076) | ||
| 100 | 1 |
_aStaszewski, Lucjan _d(1918-1978) _eAutor |
|
| 245 | 1 | 0 |
_aZbiór zadań z elektrotechniki ogólnej / _cLucjan Staszewski, Andrzej Koszmider ; pod redakcją Walentego Starczakowa ; Politechnika Łódzka. |
| 250 | _aWydanie 3 poprawione. | ||
| 260 |
_aŁódź : _bWydawnictwa Naukowe Politechniki Łódzkiej, _c1973. |
||
| 300 |
_a421 stron : _bilustracje ; _c24 cm. |
||
| 336 |
_aTekst _btxt _2rdacontent |
||
| 337 |
_aBez urządzenia pośredniczącego _bn _2rdamedia |
||
| 338 |
_aWolumin _bnc _2rdacarrier |
||
| 380 | _aKsiążki | ||
| 380 | _aPublikacje dydaktyczne | ||
| 388 | 1 | _a1901-2000 | |
| 388 | 1 | _a1945-1989 | |
| 490 | 1 | _aSkrypty dla Szkół Wyższych / Politechnika Łódzka | |
| 504 | _aBibliografia na stronach [420]-421. | ||
| 521 | 8 | _aSkrypt niniejszy jest przeznaczony przede wszystkim do użytku studentów Wydziału Mechanicznego jako pomoc do ćwiczeń rachunkowych z elektrotechniki i elektroniki. | |
| 650 | 7 |
_aElektrotechnika _2DBN |
|
| 650 | 7 | _aElektronika | |
| 650 | 7 | _aUrządzenia elektryczne | |
| 655 | 7 |
_aĆwiczenia i zadania dla szkół wyższych _2DBN |
|
| 658 | _aInżynieria i technika | ||
| 700 | 1 |
_aKoszmider, Andrzej _d(1935- ) _eAutor |
|
| 700 | 1 |
_aStarczakow, Walenty _d(1906-1999) _eRedakcja |
|
| 710 | 2 | _aPolitechnika Łódzka | |
| 710 | 2 |
_aWydawnictwo Naukowe Politechniki Łódzkiej _4pbl |
|
| 830 | 0 | _aSkrypty dla Szkół Wyższych - Politechnika Łódzka | |
| 856 |
_uhttp://koha.tu.koszalin.pl/cgi-bin/koha/opac-detail.pl?biblionumber=25844 _yKatalog online BPK |
||
| 942 |
_2UKD _cKS |
||
| 999 |
_c25844 _d25844 |
||